000 00659nam a2200277Ia 4500
005 20260324135657.0
008 008 260324s9999 xx 000 0 eng d
020 _a9780203135730
037 _aEBOOK
040 _aCRL
040 _beng
040 _cCRL
041 _2eng
041 _aeng
084 _qCRL
100 _aSarah Ashwin
_91190039
245 0 _aGender, State and Society in Soviet and Post-Soviet Russia
260 _bTaylor and Francis
260 _c2000
365 _a
365 _b240
856 _uhttp://www.taylorfrancis.com/books/9780203135730
942 _cEBOOK
999 _c1802834
_d1802834